[Event "Muensterland Regionalliga playoff Gr1"]
[Site "Germany"]
[Date "2022.03.19"]
[Round "1.6"]
[White "Redemann, Rolf"]
[Black "Schmidt, Sebastian1111"]
[Result "0-1"]
[WhiteElo "1389"]
[BlackElo "1666"]
[PlyCount "106"]
[EventDate "2022.03.19"]
[EventType "team-tourn"]
[EventRounds "5"]
[EventCountry "GER"]
[SourceTitle "EXT 2023"]
[Source "ChessBase"]
[SourceDate "2022.10.05"]
[SourceVersion "1"]
[SourceVersionDate "2022.10.05"]
[SourceQuality "1"]
[WhiteTeam "Muenster SK IV"]
[BlackTeam "Borken"]
[WhiteTeamCountry "GER"]
[BlackTeamCountry "GER"]

1. e4 e5 2. Nf3 Nc6 3. Bc4 Bc5 4. c3 Nf6 5. d3 0-0 6. 0-0 h6 7. Be3 Bb6 8. Nbd2 d5 9. exd5 Nxd5 10. Bxb6 axb6 11. Ne4 Nf4 12. Ne1 Be6 13. Bxe6 Nxe6 14. f3 Nf4 15. Qd2 Qd7 16. g3 Ng6 17. Qe3 Qe6 18. a3 f5 19. Nf2 f4 20. Qe2 fxg3 21. hxg3 Qf5 22. Qe4 Nge7 23. g4 Qf6 24. Nh3 Ng6 25. Ng2 Rad8 26. Rad1 Qd6 27. Rf2 Nge7 28. Ne3 Qg6 29. Qc4+ Kh8 30. Qe4 Qxe4 31. dxe4 Rxd1+ 32. Nxd1 Rd8 33. Ne3 g5 34. Kf1 Kg7 35. Rc2 Na5 36. Ke2 Nb3 37. Nc4 Kf6 38. Nd2 Nc5 39. Nf2 Ng6 40. Nc4 Nb3 41. Nd2 Nf4+ 42. Ke3 Nc5 43. Nc4 b5 44. Rd2 Ra8 45. Rd1 bxc4 46. Rd2 Ncd3 47. Nh1 h5 48. gxh5 Nxh5 49. Rh2 Kg6 50. Nf2 Nxf2 51. Rxf2 Rd8 52. Rf1 Rd3+ 53. Ke2 Ng3+ 0-1

[Event "Muensterland Verbandsklasse-A 0708"]
[Site "Germany"]
[Date "2008.01.26"]
[Round "5.7"]
[White "Redemann, Rolf"]
[Black "Gesing, Christoph"]
[Result "1-0"]
[WhiteElo "1577"]
[BlackElo "1541"]
[PlyCount "37"]
[EventDate "2007.09.22"]
[EventType "team"]
[EventRounds "9"]
[EventCountry "GER"]
[SourceTitle "EXT 2009"]
[Source "ChessBase"]
[SourceDate "2008.11.26"]
[SourceVersion "1"]
[SourceVersionDate "2008.11.26"]
[SourceQuality "1"]
[WhiteTeam "Muenster SK IV"]
[BlackTeam "Raesfeld Erle"]
[WhiteTeamCountry "GER"]
[BlackTeamCountry "GER"]

1. e4 e5 2. Nf3 d6 3. d4 exd4 4. Nxd4 g6 5. Bc4 Bg7 6. c3 Qe7 7. 0-0 Be6 8. Nxe6 fxe6 9. Qb3 c6 10. Bxe6 Nf6 11. Bg5 Kd8 12. Rd1 Kc7 13. f4 d5 14. exd5 Qc5+ 15. Kh1 Ne4 16. d6+ Nxd6 17. Be7 Bf8 18. Bf6 Ne4 19. Bd8# 1-0